Longman dictionary of contemporary English (Record no. 977)
[ view plain ]
| 000 -LEADER | |
|---|---|
| Fixed length control field | 00580nam a2200193 4500 |
| 003 - CONTROL NUMBER IDENTIFIER | |
| Control field | SEACOMEC |
| 005 - DATE AND TIME OF LATEST TRANSACTION | |
| Control field | 20240502135409.0 |
| 008 - FIXED-LENGTH DATA ELEMENTS--GENERAL INFORMATION | |
| Fixed length control field | 240502b |||||||| |||| 00| 0 eng d |
| 020 ## - INTERNATIONAL STANDARD BOOK NUMBER / ISBN | |
| International Standard Book Number | 9781408215326 |
| 040 ## - CATALOGING SOURCE | |
| Original cataloging agency | SEACOMEC |
| 082 ## - DEWEY DECIMAL CLASSIFICATION NUMBER | |
| Classification number | 423 |
| Book Number | L854 |
| 100 ## - MAIN ENTRY--PERSONAL NAME | |
| Personal name | Summers, Della |
| 245 ## - TITLE STATEMENT | |
| Title | Longman dictionary of contemporary English |
| Statement of responsibility | Della Summers |
| 260 ## - IMPRINT | |
| Place of publication | Harlow, Essex, England |
| Name of publisher | Pearson |
| Date of publication | 2004 |
| 300 ## - PHYSICAL DESCRIPTION | |
| Page / Vol. No | xiv; 2081 p. |
| Other physical details | ill. ; 23 cm. |
| Accompanying material | 1 CD-ROM |
| 650 ## - SUBJECT ADDED ENTRY--TOPICAL TERM | |
| Topical term | English language -- Dictionaries |
| 650 ## - SUBJECT ADDED ENTRY--TOPICAL TERM | |
| Topical term | English language -- Terms and phrases |
| 942 ## - ADDED ENTRY ELEMENTS (KOHA) | |
| Koha item type | Books |
| Withdrawn status | Lost status | Source of classification | Damaged status | Not for loan | Home library | Current library | Date acquired | Total Checkouts | Call number | Accession number | Date last seen | Price effective from | Koha item type |
|---|---|---|---|---|---|---|---|---|---|---|---|---|---|
| Dewey Decimal Classification | SEACOM ENGINEERING COLLEGE | SEACOM ENGINEERING COLLEGE | 02/05/2024 | 423 L854 | 5209 | 02/05/2024 | 02/05/2024 | Books |
